[Event "Moscow op (Women) 16th"]
[Site "Moscow"]
[Date "2020.01.26"]
[Round "2"]
[White "Cassi, Elisa"]
[Black "Stakina, Melissa"]
[Result "1-0"]
[WhiteElo "1775"]
[BlackElo "1491"]
[PlyCount "51"]
[EventDate "2020.01.25"]
[EventType "swiss"]
[EventRounds "9"]
[EventCountry "RUS"]
[SourceTitle "CBM 194 Extra"]
[Source "ChessBase"]
[SourceDate "2020.03.31"]
[SourceVersion "1"]
[SourceVersionDate "2020.03.31"]
[SourceQuality "1"]

1. e4 e5 2. Nf3 Nf6 3. Nc3 Nc6 4. Bc4 Bc5 5. d3 h6 6. Be3 Bb6 7. a3 d6 8. Na4 Bd4 9. Nc3 Bg4 10. h3 Bh5 11. g4 Bxe3 12. fxe3 Bg6 13. Qe2 h5 14. 0-0-0 Qd7 15. g5 Ng8 16. d4 exd4 17. exd4 0-0-0 18. Bb5 a6 19. Ba4 b5 20. Nxb5 axb5 21. Bxb5 Kb8 22. d5 Nge7 23. Bxc6 Nxc6 24. Qb5+ Ka7 25. dxc6 Qc8 26. Rd4 1-0